Fundamentals of machines (Record no. 545947)

000 -LEADER
fixed length control field 00937cam a22002051 4500
082 ## - DEWEY DECIMAL CLASSIFICATION NUMBER
Classification number 621.816
Author Mark HOB
-- L-13, P-23
100 1# - MAIN ENTRY--PERSONAL NAME
Personal name HOBBS
9 (RLIN) 41925
245 00 - TITLE STATEMENT
Title Fundamentals of machines
Statement of responsibility, etc. [by] John A. Clark ... Frederick Russell Gorton ... [and] Francis W. Sears ... with the editorial assistance of Major Francis C. Crotty ...
260 ## - PUBLICATION, DISTRIBUTION, ETC.
Place of publication, distribution, etc. Boston, New York [etc.]
Name of publisher, distributor, etc. Houghton Mifflin company
Date of publication, distribution, etc. [1943]
300 ## - PHYSICAL DESCRIPTION
Extent xi, [6], 300 p.
Other physical details illus., diagrs.
Dimensions 22 cm.
500 ## - GENERAL NOTE
General note "Prepared at the request of the War department and the U. S. Office of education in conformance with official pre-induction training course outline PIT no. 102."
500 ## - GENERAL NOTE
General note Title on two leaves.
526 ## - STUDY PROGRAM INFORMATION NOTE
Program name 0
Interest level 0
Reading level 0
Title point value 621_816000000000000_HOB
650 #0 - SUBJECT ADDED ENTRY--TOPICAL TERM
Topical term or geographic name entry element Machinery, Kinematics of.
9 (RLIN) 40636
650 #0 - SUBJECT ADDED ENTRY--TOPICAL TERM
Topical term or geographic name entry element Machinery.
9 (RLIN) 41113
700 1# - ADDED ENTRY--PERSONAL NAME
Personal name Crotty, Francis C.,
9 (RLIN) 41926
700 1# - ADDED ENTRY--PERSONAL NAME
Personal name Gorton, Frederick R.
9 (RLIN) 41927
700 1# - ADDED ENTRY--PERSONAL NAME
Personal name Sears, Francis Weston,
942 ## - ADDED ENTRY ELEMENTS (KOHA)
Source of classification or shelving scheme
Koha item type Book
Holdings
Withdrawn status Lost status Source of classification or shelving scheme Damaged status Not for loan Permanent Location Current Location Date acquired Total Checkouts Full call number Barcode Date last seen Price effective from Koha item type
          Military College of Engineering (MCE) Military College of Engineering (MCE) 05/30/2014   621.816 HOB MCE-30368 05/30/2014 05/30/2014 Book
© 2023 Central Library, National University of Sciences and Technology. All Rights Reserved.